| 000 | 01179naa a22003017a 4500 | ||
|---|---|---|---|
| 001 | BR9214343 | ||
| 003 | BR-BrBNA | ||
| 005 | 20240918180822.0 | ||
| 007 | ta | ||
| 008 | 230509b bl.||||| |||| 00| 0 por d | ||
| 040 |
_aBR-BrBNA _bpor _cBiblioteca Nacional de Agricultura |
||
| 041 | _a(Pt) | ||
| 072 | _aP40 | ||
| 090 | _aP40 BR9214343 | ||
| 100 | 1 | _aTeixeira Filho, J. | |
| 100 | 1 | _aMedeiros, G.A. | |
| 111 | 1 |
_a20. Congresso Brasileiro de Engenharia Agricola _cLondrina, PR (Brazil) _d21-26 Jul 1991 |
|
| 245 | 1 | _aEstudo de regionalizacao de vazoes minimas no estado do Acre | |
| 246 | 1 | _aReginal analysis of the minimum annual stream flow for the state of the Acre | |
| 246 | 1 | _aAnnals of 20. Brazilian Congress of Agricultural Engineering | |
| 260 | 3 |
_aLondrina, PR (Brasil): _c1992. |
|
| 500 | _aAnais do 20. Congresso Brasileiro de Engenharia Agricola Londrina, PR (Brasil): 1992. v. 1 p. 651-660 (BR9214343-AM)P40 | ||
| 650 | _aChuva | ||
| 650 | _aAcre | ||
| 773 | 0 |
_tAnais do 20. Congresso Brasileiro de Engenharia Agricola _wP40 BR9214343 _gLondrina, PR (Brasil), 1992. v. 1 p. 651-660 |
|
| 909 |
_a202404 _bLucia _c55 _dLucia Elande |
||
| 942 |
_cAM _2AGRIS |
||
| 999 |
_c322175 _d322175 |
||